00000000cam 2200000zi 4500
0019.963904
003CaOODSP
00520260629161040
006m     o  d f      
007cr |n|||||||||
008260629t20262026onca   jo    f|0| 0 eng d
040 |aCaOODSP|beng|erda|cCaOODSP
043 |an-cn---
0861 |aA104-202/1-2026E-PDF
24500|aPlant health hero activity book : |bages 5-8.
250 |a[2026 revised edition]
264 1|a[Ottawa] : |bCanadian Food Inspection Agency = Agence canadienne d'inspection des aliments, |c[2026]
264 4|c©2026
300 |a1 online resource (15 pages) : |bcolour illustrations
336 |atext|btxt|2rdacontent
337 |acomputer|bc|2rdamedia
338 |aonline resource|bcr|2rdacarrier
500 |aIssued also in French under title: Livre d'activités du héros de la santé des végétaux : âge : 5-8.
500 |a"Révisé 2026."
650 0|aPlant health|zCanada|vJuvenile literature.
655 7|aActivity books|2lcgft
7102 |aCanadian Food Inspection Agency, |eissuing body.
77508|tLivre d'activités du héros de la santé des végétaux : |w(CaOODSP)9.963905
795 |tPlant health hero activity book : |b[2020 edition]|w(CaOODSP)9.891800
85640|qPDF|s11.40 MB|uhttps://publications.gc.ca/collections/collection_2026/acia-cfia/A104-202-1-2026-eng.pdf